Dierks Bentley Charting Songs (Billboard Hot 100) - Statistics

General Stats
  • This quiz has been taken 41 times
    20 since last reset
  • The average score is 15 of 29
Answer Stats
Album Weeks On Peak Artist(s) Song % Correct
Riser 20 Weeks #27 Dierks Bentley Drunk on a Plane
83%
Black 19 Weeks #56 Dierks Bentley Black
75%
The Mountain 16 Weeks #51 Dierks Bentley Living
75%
Black 20 Weeks #35 Dierks Bentley Somewhere on a Beach
75%
Dierks Bentley 20 Weeks #22 Dierks Bentley What Was I Thinkin'
75%
Home 20 Weeks #33 Dierks Bentley 5-1-5-0
67%
The Mountain 17 Weeks #45 Dierks Bentley ft. Brothers Osborne Burning Man
67%
Non-Album Single 20 Weeks #26 Dierks Bentley Gone
67%
Non-Album Single 20 Weeks #40 Dierks Bentley, Breland & HARDY Beers on Me
58%
Modern Day Drifter 20 Weeks #31 Dierks Bentley Come a Little Closer
58%
Black 20 Weeks #42 Dierks Bentley ft. Elle King Different For Girls
58%
Feel That Fire 21 Weeks #32 Dierks Bentley Feel That Fire
58%
Riser 19 Weeks #40 Dierks Bentley I Hold On
58%
Gravel & Gold 11 Weeks #68 Dierks Bentley Gold
50%
Feel That Fire 20 Weeks #52 Dierks Bentley I Wanna Make You Close Your Eyes
50%
Feel That Fire 20 Weeks #35 Dierks Bentley Sideways
50%
Long Trip Alone 20 Weeks #46 Dierks Bentley Free and Easy (Down The Road I Go)
42%
Home 20 Weeks #44 Dierks Bentley Home
42%
Dierks Bentley 16 Weeks #49 Dierks Bentley How Am I Doin'
42%
Long Trip Alone 12 Weeks #66 Dierks Bentley Long Trip Alone
42%
Riser 18 Weeks #52 Dierks Bentley Say You Do
42%
Modern Day Drifter 18 Weeks #42 Dierks Bentley Settle for a Slowdown
42%
Home 16 Weeks #66 Dierks Bentley Tip It On Back
42%
Up On The Ridge 1 Week #99 Dierks Bentley Up On The Ridge
42%
The Mountain 12 Weeks #53 Dierks Bentley Woman, Amen
42%
Home 20 Weeks #39 Dierks Bentley Am I The Only One
33%
Long Trip Alone 16 Weeks #48 Dierks Bentley Every Mile a Memory
33%
Modern Day Drifter 19 Weeks #47 Dierks Bentley Lot of Leavin' Left to Do
33%
Long Trip Alone 15 Weeks #73 Dierks Bentley Trying to Stop Your Leaving
25%
No matching quizzes found
Score Distribution
Percent of People with Each Score
Percentile by Number Answered
Your Score History
You have not taken this quiz since the last reset